|
|
|
|
| LEADER |
01065nam a2200253 u 4500 |
| 001 |
10112020 |
| 003 |
upatras |
| 005 |
20210117204931.0 |
| 008 |
140224s1967 us eng |
| 040 |
|
|
|a GR-PaULI
|c GR-PaULI
|
| 041 |
0 |
|
|a eng
|
| 082 |
0 |
4 |
|a 616.98
|
| 100 |
1 |
|
|a Foucault, Michel
|d 1926-1984
|4 aut
|9 858
|
| 240 |
0 |
0 |
|a Histoire de la folie
|
| 245 |
1 |
0 |
|a Madness and civilization
|b a history of insanity in the age of reason
|c Michel Foucault ; translated from the French by Richard Howard
|
| 260 |
|
|
|a New York
|b A Mentor Book
|c 1967
|
| 300 |
|
|
|a 239 σ.
|c 18 εκ.
|
| 504 |
|
|
|a Περιέχει βιβλιογραφικές αναφορές
|
| 650 |
|
4 |
|a Ψυχικές διαταραχές
|9 80230
|
| 852 |
|
|
|a GR-PaULI
|b ΠΑΤΡΑ
|b ΒΚΠ
|b ΑΝΤ
|k ΟΧΙΔ
|h 616.89 FOU
|m 049914
|p 025000066997
|t 1
|
| 942 |
|
|
|2 ddc
|c BKN
|
| 952 |
|
|
|0 0
|1 0
|4 0
|6 616_890000000000000_FOU
|7 0
|9 163490
|a LISP
|b LISP
|c DON
|d 2016-04-24
|i 049914
|l 0
|o 616.89 FOU
|p 025000066997
|r 2016-04-24 00:00:00
|t 1
|w 2016-04-24
|y BKN
|
| 998 |
|
|
|c ΜΠΟΥΡΑΣ
|d 2014-02
|
| 999 |
|
|
|c 102557
|d 102557
|